Normal view
MARC view
- Serrasqueiro, Zelia.
Entry Personal Name
001 - CONTROL NUMBER
- control field: 42660
003 - CONTROL NUMBER IDENTIFIER
- control field: OSt
005 - DATE AND TIME OF LATEST TRANSACTION
- control field: 20201214112112.0
008 - FIXED-LENGTH DATA ELEMENTS
- fixed length control field: 201214|| aca||aabn | a|a d
040 ## - CATALOGING SOURCE
- Original cataloging agency: OSt
- Transcribing agency: OSt
100 ## - HEADING--PERSONAL NAME
- Personal name: Serrasqueiro, Zelia.
670 ## - SOURCE DATA FOUND
- Source citation: Work cat.: (OSt): Serrasqueiro, Zelia., Is age a determinant of SMEs' financing decisions? Empirical evidence using panel data models/ , ©2012.
